| 000 | 00468nam a22001577a 4500 | ||
|---|---|---|---|
| 999 |
_c478341 _d478341 |
||
| 003 | NUST | ||
| 005 | 20180522055400.0 | ||
| 008 | 180522b ||||| |||| 00| 0 eng d | ||
| 020 | _a9788184873337 | ||
| 082 | _a515 | ||
| 100 |
_aEditor; Varsh Daftardar- Gejji _910433 |
||
| 245 |
_aFractional Calculus _bTheory and Applications _cEditor; Varsh Daftardar- Gejji |
||
| 260 |
_aNew Delhi _bNarosa Publishing House _c2014 |
||
| 300 |
_a222 p. _bHb. |
||
| 942 |
_2ddc _cBK |
||